[Event "URU-ch sf"]
[Site "Montevideo"]
[Date "2024.02.11"]
[Round "4"]
[White "Gimenez, Thiago"]
[Black "Donatti, Sofia"]
[Result "0-1"]
[WhiteElo "1501"]
[BlackElo "1746"]
[PlyCount "50"]
[EventDate "2024.02.09"]
[EventType "swiss"]
[EventRounds "7"]
[EventCountry "URU"]
[SourceTitle "CB08_2024"]
[SourceDate "2024.02.21"]
[SourceVersion "1"]
[SourceVersionDate "2024.02.21"]
[SourceQuality "1"]

1. d4 Nf6 2. c4 g6 3. Nc3 Bg7 4. e4 d6 5. Nf3 0-0 6. Be2 Nbd7 7. 0-0 e5 8. d5 Ne8 9. Qc2 h6 10. b4 f5 11. exf5 gxf5 12. Nd2 Ndf6 13. Nb3 Kh8 14. Rd1 Rg8 15. Bb2 Nh7 16. c5 Qg5 17. Bf1 Nhf6 18. cxd6 cxd6 19. Nb5 Bd7 20. Rac1 Bf8 21. Qe2 f4 22. f3 h5 23. Nd2 h4 24. Ne4 Nxe4 25. fxe4 Bg4 0-1